000 00765nas a2200241Ia 4500
001 R058/C4890
003 IT-RoPAU
008 151124c99999999xx |||||||||||| ||und||
040 _aIT-RoPAU
040 _cIT-RoPAU
041 _aITALIANO
100 _aCastellano Alberto
_gCodice Aut. SPICS: 3465
210 _aCINEMA STUDIO
222 _aCinema Studio
245 _aCINEMA STUDIO, ANNO 04-N.09/10 (GENNAIO/GIUGNO 1993)
_bStuart Kaminsky E Il Metapoliziesco
250 _a1a ed.
260 _aROMA
_bBULZONI
_c1993
501 _bPaulus - SPICS - Società San Paolo EM (non-commercial uses only)
_cCopyright2015
300 _a13 p. [56-68]
362 _aANNO 004, N.09/10 (GENNAIO/GIUGNO 1993)
650 _aCINEMA
_vPUBBLICAZIONE PERIODICA
942 _cCR
999 _c116240
_d116240